000 00278nam a22001337a 4500
008 181015b xxu||||| |||| 00| 0 eng d
020 _a0721676006
041 _aeng
080 _a616
100 _a9
101 _aPAT
245 _aBasic Pathology
_cRobbins
942 _2udc
_cBK
999 _c49724
_d49724